Software Engineering with Open Source and GenAI
Gespeichert in:
| 1. Verfasser: | |
|---|---|
| Format: | Buch |
| Veröffentlicht: |
Wiley India
|
| Tags: |
Keine Tags, Fügen Sie das erste Tag hinzu!
|
MARC
| LEADER | 00000nam a2200000Ia 4500 | ||
|---|---|---|---|
| 005 | 20260513122050.0 | ||
| 020 | |a 9789363869189 | ||
| 100 | |a Jalote | ||
| 365 | |c Rs. | ||
| 365 | |b 20.00 | ||
| 942 | |c BK | ||
| 245 | |a Software Engineering with Open Source and GenAI | ||
| 260 | |b Wiley India | ||
| 999 | |c 25 |d 25 | ||
| 952 | |0 0 |1 0 |4 0 |7 0 |a UNSW |b UNSW |d 2026-05-06 |g 750.00 |i 16686 |l 0 |p 000082 |r 2026-05-13 12:20:50 |v 750.00 |w 2026-05-13 |y BK | ||